000 00956nam a22003011 4500
001 bslw10044666
005 20240305165648.0
006 m o d
007 cr un ---uuuua
008 230413s2023 mx o 000 0 spa d
020 _a9786076298510
035 _a38220
040 _aUtOrBLW
_beng
_erda
_cUtOrBLW
050 4 _aHJ4629
_b.P47 2023
082 0 4 _a336.24
_223
100 1 _aPérez Chávez, José,
_eauthor.
245 1 0 _aEstudio del impuesto sobre la renta :
_bpersonas físicas /
_cPérez Chávez, Fol Olguín.
250 _aCuatra edicion.
264 1 _aCiudad de México, México :
_bTax Editores Unidos,
_c2023.
300 _a1 online resource (316 pages)
336 _atext
_btxt
_2rdacontent
337 _acomputer
_bc
_2rdamedia
338 _aonline resource
_bcr
_2rdacarrier
650 0 _aIncome tax.
700 1 _aFol Olguín, Raymundo,
_eauthor.
856 4 0 _uhttps://app.vlex.com/#/sources/38220
942 _cRAA
999 _c172619
_d172619